Hallucinogens and Dissociative Drugs (Including LSD, PCP, Ketamine, Dextromethorphan)

Gespeichert in:  
Bibliographische Detailangaben
Körperschaft: National Institute on Drug Abuse. VerfasserIn (Verfasst von)
Medienart: Elektronisch Aufsatz
Sprache:Englisch
Veröffentlicht: United States Department of Health and Human Services, National Institutes of Health 2001
In:Enthalten in: NIDA Research Report Series
Online-Zugang: Volltext (lizenzpflichtig)
Volltext (lizenzpflichtig)
Verfügbarkeit prüfen: HBZ Gateway

MARC

LEADER 00000caa a22000002c 4500
001 1912570424
003 DE-627
005 20250125055200.0
007 cr uuu---uuuuu
008 241217s2001 xx |||||o 00| ||eng c
035 |a (DE-627)1912570424 
035 |a (DE-599)KXP1912570424 
040 |a DE-627  |b ger  |c DE-627  |e rda 
041 |a eng 
084 |a 2,1  |2 ssgn 
110 2 |a National Institute on Drug Abuse  |e VerfasserIn  |4 aut 
245 1 0 |a Hallucinogens and Dissociative Drugs (Including LSD, PCP, Ketamine, Dextromethorphan) 
264 1 |b United States Department of Health and Human Services, National Institutes of Health  |c 2001 
336 |a Text  |b txt  |2 rdacontent 
337 |a Computermedien  |b c  |2 rdamedia 
338 |a Online-Ressource  |b cr  |2 rdacarrier 
773 0 8 |i Enthalten in  |t NIDA Research Report Series 
787 0 8 |i Forschungsdaten  |a Johnston, Lloyd D.  |t Monitoring the Future: A Continuing Study of American Youth (8th- and 10th-Grade Surveys), 2000  |d [Erscheinungsort nicht ermittelbar] : [Verlag nicht ermittelbar], 2001  |w (DE-627)1840065257 
787 0 8 |i Forschungsdaten  |a Johnston, Lloyd D.  |t Monitoring the Future: A Continuing Study of American Youth (12th-Grade Survey), 2000  |d [Erscheinungsort nicht ermittelbar] : [Verlag nicht ermittelbar], 2000  |w (DE-627)1840058951 
856 4 0 |u http://www.drugabuse.gov/PDF/RRHalluc.pdf  |q application/pdf  |x Verlag  |z lizenzpflichtig  |3 Volltext  |7 1 
856 4 0 |u http://www.drugabuse.gov/ResearchReports/Hallucinogens/Hallucinogens.html  |x Verlag  |z lizenzpflichtig  |3 Volltext  |7 1 
935 |a mkri 
951 |a AR 
ELC |a 1 
LOK |0 000 xxxxxcx a22 zn 4500 
LOK |0 001 4637535921 
LOK |0 003 DE-627 
LOK |0 004 1912570424 
LOK |0 005 20241217044525 
LOK |0 008 241217||||||||||||||||ger||||||| 
LOK |0 035   |a (DE-2619)ICPSR46370 
LOK |0 040   |a DE-2619  |c DE-627  |d DE-2619 
LOK |0 092   |o n 
LOK |0 852   |a DE-2619 
LOK |0 852 1  |9 00 
LOK |0 935   |a uvkn  |a nacp 
LOK |0 939   |a 17-12-24  |b l01 
ORI |a SA-MARC-krimdoka001.raw